000 00797cam a22002893a 4500
001 16387065
003 OSt
005 20140310184422.0
008 971210s1997 xxu 000 1 eng
010 _a 97811775
020 _a0590988492
035 _a(DLC) 97811775
040 _aDLC
_cDLC
_dDLC
050 0 0 _aPZ 7
_b.C775 1997
100 1 _aCooney, Caroline B.
_919795
245 1 0 _aWanted /
_cCaroline B. Cooney.
260 _aNew York :
_bTempo Books,
_c1997.
300 _a230 p. :
_c17 cm.
521 _aG5
526 _c780
655 7 _aMystery fiction.
_2gsafd
_94089
710 2 _aCopyright Paperback Collection (Library of Congress)
_5DLC
_9705
906 _a7
_bcbc
_corignew
_d2
_encip
_f19
_gy-genrareb
942 _2lcc
_cBK-SCHOLAS
999 _c34255
_d34255